Click Quiz - Metallica Song To Album - Statistics

General Stats
  • This quiz has been taken 55 times
  • The average score is 35 of 50
Answer Stats
Hint Answer % Correct
Enter Sandman Black Album
95%
Master Of Puppets Master Of Puppets
91%
For Whom The Bell Tolls Ride The Lightning
91%
One And Justice For All
89%
Blackened And Justice For All
86%
Orion Master Of Puppets
86%
Lux Æterna 72 Seasons
84%
The Unforgiven Black Album
84%
Wherever I May Roam Black Album
84%
Seek & Destroy Kill 'em All
84%
The Call Of Ktulu Ride The Lightning
84%
Harvester Of Sorrow And Justice For All
82%
The Frayed Ends Of Sanity And Justice For All
82%
The Day That Never Comes Death Magnetic
82%
Eye Of The Beholder And Justice For All
80%
Battery Master Of Puppets
80%
Welcome Home (Sanitarium) Master of Puppets
80%
Fuel Reload
80%
Fight Fire With Fire Ride The Lightning
80%
Holier Than Thou Black Album
77%
Motorbreath Kill 'em All
77%
Escape Ride The Lightning
77%
Don't Tread On Me Black Album
75%
Metal Militia Kill 'em All
75%
Creeping Death Ride The Lightning
75%
Motorbreath Kill 'em All
73%
The Thing That Should Not Be Master Of Puppets
73%
The Memory Remains Reload
70%
Frantic St. Anger
70%
Inamorata 72 Seasons
68%
Until It Sleeps Load
68%
Moth Into Flame Hardwired...To Self-Destruct
66%
Hit The Lights Kill 'em All
66%
Spit Out The Bone Hardwired...To Self-Destruct
59%
Mama Said Load
59%
Cyanide Death Magnetic
57%
Broken, Beat & Scarred Death Magnetic
57%
All Nightmare Long Death Magnetic
57%
Atlas, Rise! Hardwired...To Self-Destruct
57%
Am I Savage? Hardwired...To Self-Destruct
57%
The Outlaw Torn Load
57%
Devil's Dance Reload
55%
Shoot Me Again St. Anger
55%
Poor Twisted Me Load
52%
You Must Burn! 72 Seasons
50%
Invisible Kid St. Anger
50%
Purify St. Anger
50%
Sweet Amber St. Anger
48%
All Within My Hands St. Anger
48%
Where The Wild Things Are Reload
41%
No matching quizzes found
Score Distribution
Percent of People with Each Score
Percentile by Number Answered
Your Score History
You have not taken this quiz